000 01325nam a2200313Ia 4500
001 ebr10408833
003 CaPaEBR
006 m u
007 cr cn|||||||||
008 920923t19901980alua sb 001 0 eng d
020 _z0817305521
020 _z9780817305529
040 _aCaPaEBR
_cCaPaEBR
035 _a(OCoLC)45728214
050 1 4 _aE78.S65
_bW34 1990eb
100 1 _aWalthall, John A.
245 1 0 _aPrehistoric Indians of the Southeast
_h[electronic resource] :
_barchaeology of Alabama and the Middle South /
_cJohn A. Walthall.
260 _aTuscaloosa :
_bUniversity of Alabama Press,
_c1990, c1980.
300 _axii, 299 p. :
_bill.
504 _aIncludes bibliographical references (p. [278]-296) and index.
533 _aElectronic reproduction.
_bPalo Alto, Calif. :
_cebrary,
_d2010.
_nAvailable via World Wide Web.
_nAccess may be limited to ebrary affiliated libraries.
650 0 _aIndians of North America
_zSouthern States
_xAntiquities.
650 0 _aIndians of North America
_zAlabama
_xAntiquities.
651 0 _aSouthern States
_xAntiquities.
651 0 _aAlabama
_xAntiquities.
655 7 _aElectronic books.
_2local
710 2 _aebrary, Inc.
856 4 0 _uhttp://site.ebrary.com/lib/rucke/Doc?id=10408833
_zAn electronic book accessible through the World Wide Web; click to view
999 _c79887
_d79887